000 00899nam a22002772a 4500
001 22766
003 BD-RjUL
005 20250708152129.0
008 140309s1965 enk b 000 0 eng d
035 _a(BD-RjUL)22831
040 _aCOD
_cCOD
_dUKM
_dEQO
_dBD-RjUL
_beng
041 _aeng
082 _218
_a824.7
_bLAL 1965
100 1 _aLamb, Charles,
_d1775-1834.
_970230
245 1 2 _aA Lamb selection :
_bletters and essays /
_cedited with an introduction and notes by F.B. Pinion
260 _aLondon ;
_bMacmillan ;
_aNew York :
_bSt. Martin's,
_c1965.
300 _axliv, 219 p. ;
_c19 cm
490 1 _aMacmillan's English classics
504 _aBibliography : p. [220]
650 _a English literature -- History and criticism.
_959149
700 1 _aPinion, F. B.
_914802
830 0 _aMacmillan's English classics
_915929
942 _2ddc
_cBK
999 _c22766
_d22766